BUILDING CONSTRUCTION HAND BOOK / (Record no. 587201)
[ view plain ]
| 000 -LEADER | |
|---|---|
| fixed length control field | 00326nam a22001217a 4500 |
| 040 ## - CATALOGING SOURCE | |
| Transcribing agency | FIZZA ISHAQ |
| 082 ## - DEWEY DECIMAL CLASSIFICATION NUMBER | |
| Classification number | 548.8 |
| Author Mark | ROY |
| 100 ## - MAIN ENTRY--PERSONAL NAME | |
| Personal name | GREENO, ROGES CHUDLY ROY. |
| 9 (RLIN) | 85985 |
| 245 ## - TITLE STATEMENT | |
| Title | BUILDING CONSTRUCTION HAND BOOK / |
| Statement of responsibility, etc. | ROY CHUDLY ROGES GREENO. |
| 260 ## - PUBLICATION, DISTRIBUTION, ETC. | |
| Place of publication, distribution, etc. | NEW YORK : |
| Name of publisher, distributor, etc. | U.K |
| Date of publication, distribution, etc. | 2020. |
| 300 ## - PHYSICAL DESCRIPTION | |
| Extent | 742 P. ; |
| 942 ## - ADDED ENTRY ELEMENTS (KOHA) | |
| Source of classification or shelving scheme | |
| Koha item type | Book |
| Withdrawn status | Lost status | Source of classification or shelving scheme | Damaged status | Not for loan | Permanent Location | Current Location | Date acquired | Total Checkouts | Full call number | Date last seen | Copy number | Price effective from | Koha item type |
|---|---|---|---|---|---|---|---|---|---|---|---|---|---|
| NUST Baluchistan Campus (NBC) | NUST Baluchistan Campus (NBC) | 12/07/2021 | 548.8 ROY | 12/07/2021 | Q-2120 | 12/07/2021 | Book |
